00380 2200157 4500001002100000005001500021035002000036245004700056100001200103300001200115260004000127082000800167084001400175020002100189990001200210INLIS00000000000180820250506112131 a0010-05250001001 aCegah Sejak Dini ! /cProf. Dr. Zubairi D.0 aZubairi a272 hlm aJakarta :bMahaka Publishing,c2011 a600 a600 ZUB c a977-602-9883-8-6 a0754749